| 000 | 00743nam a2200265Ia 4500 | ||
|---|---|---|---|
| 001 | Para_4054 | ||
| 003 | CHAP | ||
| 008 | 220125s1941 xx 000 0 und d | ||
| 010 | _a202524 | ||
| 040 | _cCHAP | ||
| 090 | _aPA FOLLETO 1462 | ||
| 100 |
_aHaseman, Leonard _953018 |
||
| 245 |
_aThe hessian fly / _c Leonard Haseman |
||
| 260 |
_aColumbia, Missouri : _b Agricultural Experment Station |
||
| 300 | _aIV. [Sin paginación] | ||
| 440 |
_aMissouri. Agr. Exp. Sta. Circular; 212 _9167776 |
||
| 650 |
_aPhytophaga destructor _987916 |
||
| 901 | _aPA FOLLETO 1462 | ||
| 902 | _aA | ||
| 905 | _a0000001941 ck 0000000000 00 | ||
| 910 | _a1941 | ||
| 942 | _cPARA | ||
| 942 |
_cPARA _d1 |
||
| 999 |
_c202524 _d202524 |
||